Weapons from World War 2 - Statistics

General Stats
  • This quiz has been taken 37 times
  • The average score is 11 of 20
Answer Stats
Picture Hint Answer % Correct
Nazi Germany Luger P08
93%
United States - Pling! M1 Garand
87%
United States Thompson
80%
United States M1911
73%
United States M1 Bazooka
67%
Nazi Germany MP40
63%
United Kingdom - Silenced STEN gun
63%
Nazi Germany MG42
60%
Nazi Germany - Mauser Kar 98k
57%
United States M1903 Springfield
57%
Soviet Union PPSh-41
57%
Nazi Germany StG44
53%
Soviet Union - Sniper rifle Mosin Nagant 1891
50%
United Kingdom - Sniper rifle Lee Enfield
47%
Nazi Germany - Paratrooper FG42
43%
Nazi Germany Panzerschreck
37%
Nazi Germany Stielhandgranate
37%
United States Mk 2 grenade
23%
Italy Carcano M1891
17%
United Kingdom - Not the Bren gun Vickers-Berthier
0%
No matching quizzes found
Score Distribution
Percent of People with Each Score
Percentile by Number Answered
Your Score History
You have not taken this quiz